Second Most Spoken Languages in Countries of Europe - Statistics

General Stats
  • This quiz has been taken 618 times
    586 since last reset
  • The average score is 11 of 15
Answer Stats
Country 2nd Language % Correct
Estonia Russian
97%
Finland Swedish
92%
Belgium French
91%
Ireland Gaelic
86%
Albania Greek
81%
Croatia Serbian
81%
Spain Catalan
75%
Czech Republic Slovak
70%
Belarus Belarusian
69%
Germany Turkish
68%
Bulgaria Turkish
62%
Turkey Kurdish
61%
Serbia Hungarian
59%
Romania Hungarian
57%
Russia Tatar
43%
No matching quizzes found
Score Distribution
Percent of People with Each Score
Percentile by Number Answered
Your Score History
You have not taken this quiz since the last reset